Liedtext erkennen #1 Weihnachtsedition - Statistiken

Allgemein
  • Dieses Quiz wurde 125 mal gespielt
    123 seit der letzten Aktualisierung
  • Das Durchschnittsergebnis liegt bei 50 aus 202
Antwortstatistiken
Antwort % Korrekt
I
97%
i
97%
a
90%
Christmas
89%
christmas
89%
you
74%
the
62%
When
59%
when
59%
we
58%
me
56%
it
51%
and
50%
snow
50%
to
50%
be
48%
all
47%
for
47%
in
47%
my
34%
will
34%
on
33%
your
32%
night
31%
of
30%
go
29%
where
29%
at
24%
fall
24%
they
21%
Im
20%
like
18%
oh
17%
but
16%
out
14%
2011 Jahr
13%
down
12%
just
12%
cant
11%
here
11%
light
11%
youre
11%
feel
10%
Up
10%
up
10%
waiting
9%
still
8%
doesnt
7%
lights
7%
say
7%
may
6%
really
6%
right
6%
singing
6%
walk
6%
away
5%
Christmas Lights Lied
5%
gone
5%
how
5%
some
5%
those
5%
always
4%
Coldplay Interpret
4%
hope
4%
sea
4%
shining
4%
street
4%
air
3%
another
3%
got
3%
keep
3%
tears
3%
windows
3%
candles
2%
city
2%
cried
2%
feet
2%
fight
2%
loved
2%
shes
2%
soon
2%
wrong
2%
above
1%
believe
1%
darling
1%
flicker
1%
flood
1%
onto
1%
took
1%
troubles
1%
trying
1%
tune
1%
blood
0%
chandeliers
0%
drunken
0%
Elvis
0%
fireworks
0%
flow
0%
holding
0%
kinds
0%
meet
0%
Oxford
0%
poison
0%
thise
0%
wating
0%
Keine übereinstimmenden Quizze gefunden
Verteilung der Resultate
Anzahl Personen mit jedem Resultat
Perzentil nach korrekt beantworteten Fragen
Ihre Resultats-Entwicklung
Sie haben dieses Quiz seit der letzten Aktualisierung nicht gespielt